000 00293nam a22001457a 4500
008 230208b ||||| |||| 00| 0 eng d
020 _a9780073360973
041 _aeng
080 _a51
082 _a51HEN
100 _a20
101 _aMATEM
245 _aHENDRICKS .A
942 _2udc
_cBK
999 _c59332
_d59332